النظام النقدي الدولي / (Record no. 140209)
[ view plain ]
| 000 -الفاتح | |
|---|---|
| عناصر البيانات ثابتة الطول | 00687cam a2200181 i 4500 |
| 005 - تاريخ ووقت آخر معاملة | |
| حقل ضبط | 20260120112408.0 |
| 008 - عناصر البيانات ثابتة الطول | |
| عناصر البيانات ثابتة الطول | 250721s2019 jo gr 000 0 ara d |
| 082 14 - رقم تصنيف ديوي العشري | |
| رقم التصنيف | 332 |
| رقم المادة | خ ب ا |
| 100 1# - مدخل رئيسي – اسم شخصي | |
| الاسم الشخصي | خبازي، فاطمة الزهراء |
| علاقة الشخص بالعمل/ دوره | مؤلف. |
| 245 12 - بيان العنوان | |
| العنوان | النظام النقدي الدولي / |
| بيان المسؤولية | فاطمة الزهراء خبازي. |
| 264 31 - بيانات النشر، التوزيع…إلخ | |
| مكان النشر، التوزيع...إلخ | عمان : |
| اسم الناشر، الموزع...إلخ | دار اليازوري للنشر والتوزيع، |
| تاريخ النشر، التوزيع...إلخ | 2019. |
| 300 ## - الوصف المادي | |
| عدد الوحدات المكونة للوعاء | 336 صفحة. |
| 650 17 - مدخل إضافي بالموضوع - مصطلح موضوعي | |
| مصطلح موضوعي أو اسم جغرافي كعنصر مدخل | النظام النقد الدولي. |
| 650 17 - مدخل إضافي بالموضوع - مصطلح موضوعي | |
| مصطلح موضوعي أو اسم جغرافي كعنصر مدخل | السياسة النقدية. |
| 650 17 - مدخل إضافي بالموضوع - مصطلح موضوعي | |
| مصطلح موضوعي أو اسم جغرافي كعنصر مدخل | العلاقات النقدية الدولية. |
| 942 ## - بيانات إضافية (كوها) | |
| نوع التنصيف | Dewey Decimal Classification |
| نوع المادة (كوها) | Books |
| حالة السحب | حالة الفقدان | مصدر التصنيف | حالة التلف | غير قابل للإعارة | المكتبة الرئيسية | المكتبة الحالية | موقع الرف | تاريخ التزويد | الرقم المتسلسل | Total Checkouts | رقم الإستدعاء | الباركود | تاريخ آخر ظهور | تاريخ الفاتورة | نوع المادة (كوها) |
|---|---|---|---|---|---|---|---|---|---|---|---|---|---|---|---|
| Dewey Decimal Classification | المكتبة المركزية | المكتبة المركزية | الإعارة | 28/07/2025 | 1720369 | 332 / خ ب ا | PLD00463476 | 28/07/2025 | 28/07/2025 | Books | |||||
| Dewey Decimal Classification | المكتبة المركزية | المكتبة المركزية | مقتنيات قسم التزويد | 28/07/2025 | 1720370 | 332/خبا | 28/07/2025 | 28/07/2025 | Books | ||||||
| Dewey Decimal Classification | المكتبة المركزية | المكتبة المركزية | مقتنيات قسم التزويد | 28/07/2025 | 1720372 | 332/خبا | 28/07/2025 | 28/07/2025 | Books | ||||||
| Dewey Decimal Classification | مكتبة الاميرة بديعة | مكتبة الاميرة بديعة | الإعارة | 03/09/2019 | 1720373 | 332/خبا | PLD00465941 | 28/07/2025 | 03/09/2019 | Books | |||||
| Dewey Decimal Classification | مكتبة الجويدة | مكتبة الجويدة | الإعارة | 03/09/2019 | 1720378 | 332/خبا | PLD00465946 | 28/07/2025 | 03/09/2019 | Books | |||||
| Dewey Decimal Classification | مكتبة الحسن العامة | مكتبة الحسن العامة | الإعارة | 03/09/2019 | 1720377 | 332/خبا | PLD00465945 | 28/07/2025 | 03/09/2019 | Books | |||||
| Dewey Decimal Classification | مكتبة صويلح العامة | مكتبة صويلح العامة | الإعارة | 03/09/2019 | 1720376 | 332/خبا | PLD00465944 | 28/07/2025 | 03/09/2019 | Books |